003050000a22001090004500090001700000245003600017041001400053100003800067942001300105773006000118999001700178 aASbSeriadas10aDos Rosaceas nuevas de Colombia0 aEspañol1 aGarcía Barriga, Hernando912170 cARTICULO1 tMutisia: Acta Botánica Colombiana3893h56q1-6d1983 c15274d15274